| 000 | 02011cam a2200349 i 4500 | ||
|---|---|---|---|
| 001 | 20695735 | ||
| 003 | EG-ScBUE | ||
| 005 | 20240521130941.0 | ||
| 008 | 181001t2020 maua f b 001 0 eng d | ||
| 020 | _a9781449673376 | ||
| 035 | _a(DNLM)101735140 | ||
| 040 |
_aDNLM/DLC _beng _erda _cDLC _dDLC _dEG-ScBUE |
||
| 082 | 0 | 4 |
_a174.2958515 _222 _bSWI |
| 100 | 1 |
_aSwisher, Laura Lee, _eauthor. |
|
| 245 | 1 | 0 |
_aRehabilitation ethics for interprofessional practice / _cLaura Lee Swisher and Charlotte Brasic Royeen. |
| 264 | 1 |
_aBurlington, MA : _bJones & Bartlett Learning, _c[2020] |
|
| 264 | 4 | _cc2020 | |
| 300 |
_axxii, 265 pages : _billustrations ; _c23 cm |
||
| 336 |
_atext _2rdacontent _btxt |
||
| 337 |
_aunmediated _2rdamedia _bn |
||
| 338 |
_avolume _2rdacarrier _bnc |
||
| 504 | _aIncludes bibliographical references and index. | ||
| 520 | _a"The purpose of this book is to suggest an innovative vision for rehabilitation and habilitation ethics from an interprofessional perspective. The goal is to create a seminal text about ethics across the rehabilitation and habilitation disciplines (occupational therapy, physical therapy, speech language/communication disorders, and related rehabilitation fields) and serve a role similar to that which Principles of Biomedical Ethics by TL Beauchamp and JF Childress (2012) has served in the field of medicine. This text will be a contributed book. Highlighting the interprofessional approach, contributors will come from a variety of health disciplines- all experts in their field. This will ensure the text appeals to a wide audience, opening up its potential even further"--Provided by publisher. | ||
| 650 | 7 |
_aOccupational therapy _xMoral and ethical aspects. _2BUEsh |
|
| 650 | 7 |
_aRehabilitation _xethics. _2BUEsh |
|
| 653 |
_cMay2024 _bPT |
||
| 655 | _vReading book | ||
| 700 | 1 |
_aRoyeen, Charlotte Brasic, _eauthor. |
|
| 906 |
_a7 _bcbc _corignew _d1 _eecip _f20 _gy-gencatlg |
||
| 942 |
_2ddc _cBB |
||
| 999 |
_c30748 _d30719 |
||